Kémiai gyakorlatok a gimnázium 1. osztálya számára /

Uložené v:
Podrobná bibliografia
Hlavný autor: Beneš, Pavel 1944- (Author)
Ďalší autori: Izsóf, Klára trl
Médium: Kniha
Jazyk:Hungarian
Slovak
Vydané: Bratislava : Slovenské pedagogické nakladateľstvo, 1985.
Vydanie:1. kiad.
ISBN: (brož.)
Fyzický popis: 146 s.
Tagy: Pridať tag
Žiadne tagy, Buďte prvý kto otaguje tento záznam!

MARC

LEADER 00000nam a2200000 a 4500
001 000192521
005 20120616123148.0
008 980105s1985 xo e hun d
020 |a (brož.) 
040 |a SVKKK  |b slo  |c SVKKK  |e AACR2 
041 1 |a hun  |d slo 
044 |a xo  |c SK 
245 0 0 |a Kémiai gyakorlatok a gimnázium 1. osztálya számára /  |c Pavel Beneš ... [et al.] ; ford. Klára Izsóf. 
250 |a 1. kiad. 
260 |a Bratislava :  |b Slovenské pedagogické nakladateľstvo,  |c 1985. 
300 |a 146 s. 
500 |a Názov aj slov. 
700 1 |a Beneš, Pavel  |d 1944-  |4 aut 
700 |a Izsóf, Klára  |d trl 
910 |a svkkk 
998 |a BK 
090 |g SCKHL  |k Sklad Pribinova 2. posch.  |a II.305423  |j 712041  |i 192521-10  |s Absenčne